| 000 | 01137cam a22003131 4500 | ||
|---|---|---|---|
| 001 | 76001 | ||
| 003 | BD-RjUL | ||
| 005 | 20211209082756.0 | ||
| 008 | 700914s1968 nyua b 000 0 eng | ||
| 035 | _a(BD-RjUL)76220 | ||
| 040 |
_aDLC _cDLC _dDLC _beng |
||
| 041 | _aeng | ||
| 082 | 0 | 0 |
_a658.788 _223 _bBOP 1968 |
| 100 | 1 |
_aBowersox, Donald J. _946907 |
|
| 245 | 1 | 0 |
_aPhysical distribution management; _blogistics problems of the firm / _cby Donald J. Bowersox, Edward W. Smykay [and] Bernard J. LaLonde. Foreword by Wendell R. Smith. |
| 250 | _aRev. ed. | ||
| 260 |
_aNew York : _bMacmillan , _c[1968] |
||
| 300 |
_axv, 469 p. : _bill ; _c24 cm. |
||
| 500 | _aBased on Physical distribution management, by E. W. Smykay, D. J. Bowersox, and F. H. Mossman. | ||
| 504 | _aBibliography: p. 450-455. | ||
| 650 | 0 |
_aPhysical distribution of goods _vManagement _9233371 |
|
| 700 | 1 |
_aSmykay, Edward W., _9233375 |
|
| 700 | 1 |
_aLa Londe, Bernard J., _9233376 |
|
| 700 | 1 |
_aSmykay, Edward W. _9233377 |
|
| 906 |
_a7 _bcbc _corignew _du _encip _f19 _gy-gencatlg |
||
| 942 |
_2ddc _cBK |
||
| 999 |
_c76001 _d76001 |
||